000 00342nam a2200133Ia 4500
005 20251222141822.0
008 251222s9999||||xx |||||||||||||| ||spa||
082 _a370.152/H52
100 _aHigueras, Leonardo S.
245 0 _aAprendiendo a pensar:
250 _a3a.ed.
264 _bCentro de Orientación y Promoción Humana
942 _cLIB
999 _c6846
_d6846